| 000 | 00814cab a22001935a 4500 | ||
|---|---|---|---|
| 001 | L137110 | ||
| 008 | 070314e2007 xxk 000 0 eng d | ||
| 035 | _a(Sirsi) u137110 | ||
| 041 | _aeng | ||
| 100 | 1 | _aMorrison, Doug | |
| 245 | 0 | 0 | _aKeeping control of total occupancy costs |
| 260 | _c2007 | ||
| 490 | 0 |
_aFacilities Management _v14(6) March 2007, 14-16(3) |
|
| 520 | _aDiscusses the IPD Occupiers? international cost code (L136762), emphasising benchmarking and cost control as priorities for corporate real estate professionals and facilities managers. Discusses the need for real estate to be fit for purpose and the challenges involved in keeping a cap on the costs of occupation. | ||
| 590 | _aKA | ||
| 651 | 4 | _aInternational | |
| 690 | _aPROPERTY-PROPERTY MANAGEMENT-OCCUPANCY COSTS | ||
| 942 | _n0 | ||
| 999 |
_c78556 _d78556 |
||